| 000 | 01788nam0a2200397 i 4500 | ||
|---|---|---|---|
| 001 | RU\NLR\bibl\1955984 | ||
| 005 | 20260607064347.0 | ||
| 010 |
_a9785903717149 _9999 |
||
| 021 |
_aRU _b2012-71604 _95278 |
||
| 035 | _a(nilc)RSL-KNO-005499094 | ||
| 035 | _a(NLR Aleph) 001945063 | ||
| 090 |
_a3618083 _c3618083 |
||
| 100 | _a20120920d2011 u y0rusy50 ca | ||
| 101 | 0 | _arus | |
| 102 | _aRU | ||
| 105 | _aa z ||||| | ||
| 200 | 1 |
_aНательные и наперсные кресты, XVII-XX вв. _f[под ред. Н. Соловьева, В. Квятковского] |
|
| 210 |
_aМосква _cГруппа ИскателИ _cиздатель Д.Б. Нужненко _d2011 |
||
| 215 |
_a68 с. _cил., портр. _d20 |
||
| 225 | 1 |
_aБиблиотека Искателя _vвып. 2 |
|
| 606 | 1 |
_aМеталлические художественные изделия русские _z17 - 20 вв. _92127075 _3RU\NLR\auth\661587569 |
|
| 606 | 1 |
_aКресты нательные православные _92585297 _3RU\NLR\auth\661528105 |
|
| 606 |
_aКресты наперстные православные _92128315 _3RU\NLR\auth\661588233 |
||
| 606 |
_aДекоративно-прикладное искусство христианское _92616270 _3RU\NLR\auth\661552829 |
||
| 686 |
_aЭ372.24-575.7,0 _2rubbk |
||
| 686 | _aЭ372.24-506 | ||
| 686 | _aЩ123(0) | ||
| 686 | _aЩ125.43(2Р=Рус) | ||
| 702 | 1 |
_4340 _7ca _8rus _aСоловьев _bН. М. _cписатель-историк _gНиколай Михайлович _9121827 _3RU\NLR\auth\7712096 |
|
| 801 | 0 |
_aRU _bRuMoRKP _c20120920 _grcr |
|
| 801 | 1 |
_aRU _bРГБ _c20120920 |
|
| 801 | 2 |
_aRU _bNLR _c20121016 _grcr |
|
| 942 | _cBOOK | ||
| 980 | _aNBR | ||